000 01384cam a22003617a 4500
003 CHAP
005 20220329141357.0
008 971013s1987 r 00010 d
010 _a67266
011 _a68238
035 _a77710
040 _cCHAP
082 _a630.7209866
_bC6
110 _aCornick, Tully R.
_928083
245 0 _aInstitutionalizing farming systems research and extension
_b: Cornell University's experience in Ecuador and the Philippines
260 _aCornell, New York :
_bState College of Agriculture and Life Sciences,
_c1987
300 _a55 p.
490 0 _aCornell International agriculture Monograph
_v; 115
590 _aBATCH-UPD
_b10
_c20130110
_lUCH01
_h0025
590 _aBATCH-UPD
_b10
_c20130110
_lUCH01
_h0719
590 _aBATCH-UPD
_b10
_c20130409
_lUCH01
_h2006
590 _aBATCH-UPD
_b10
_c20130410
_lUCH01
_h0403
590 _aBATCH-UPD
_b10
_c20130913
_lUCH01
_h2059
590 _aCONVERSION
_b10
_c20130109
_lUCH01
_h1337
650 1 4 _aAgricultura
_xInvestigación
_xFilipinas.
_91623
650 1 4 _aAgricultura
_xInvestigacion
_zEcuador.
_91700
650 1 4 _aExtensión agrícola
_xEcuador.
_939160
650 1 4 _aExtensión agrícola
_xFilipinas.
_939163
830 0 _aCornell International agriculture Monograph
_v; 115
_928060
901 _aBK
942 _cLIBRO
949 _a630.7209866 C6
_bBC
_cLIBRO
_d33724000045951
_eLIBRO
_h72915
_i77710
_mD
_si
999 _c67266
_d67266